| 000 | 00369nam a22001337a 4500 | ||
|---|---|---|---|
| 020 | _a97880070119505 | ||
| 040 | _cnust | ||
| 082 |
_23rd Edition _a621.3142 _bCHA |
||
| 100 |
_aChapman.J Stephen _9122757 |
||
| 245 | _aElectric machinery Fundamentals | ||
| 260 |
_aNew York: _bMcGraw-Hill, _c1999. |
||
| 650 |
_aElectric machinery Fundamentals _9112560 |
||
| 942 |
_2ddc _cBK |
||
| 999 |
_c609203 _d609203 |
||